| 000 | 00587cam a2200217 a 4500 | ||
|---|---|---|---|
| 001 | 482093 | ||
| 005 | 20180222043930.0 | ||
| 008 | 850523s1985 ilu b 000 0 eng | ||
| 010 | _a 84082488 | ||
| 020 | _a0256032157 | ||
| 040 |
_aDLC _cDLC _dDLC |
||
| 041 | _aeng | ||
| 080 | _a330.1 BOR | ||
| 082 | 0 | 0 |
_a330.1 BOR _219 |
| 100 | _a52 | ||
| 101 | _aEKO | ||
| 245 | 0 | 0 |
_aComparative economic systems : _cedited by Morris Bornstein. |
| 504 | _aIncludes bibliographical references. | ||
| 906 |
_a7 _bcbc _corignew _d3 _eopcn _f19 _gy-gencatlg |
||
| 942 |
_2ddc _cBK |
||
| 999 |
_c43153 _d43153 |
||